000 00512cam a2200205ua 4500
001 7903
005 20260515114252.0
008 141230n ii |||gr||||Z||||||hin
040 _cMAIN
041 _ahin
082 _a891.432
100 _aKapur, R.,
_eAuthor.
245 1 _aDeathwatch and the maids
_cTranslated by Rajat Kapur
250 _a1st.
260 _aNew Delhi:
_bChingari,
_c1999.
300 _axi,98p.
653 _aEast Indo-European & Celtic literatures
653 _aHindi drama
942 _cBK
999 _c7018
_d7018